[Event "Corus Wijk aan Zee"]
[Site " Wijk aan Zee"]
[Date "2007.01.14"]
[Round "2"]
[White "GM Motylev, Alexander(RUS)"]
[Black "GM Anand, Viswanathan (IND)"]
[Result "0-1"]
[WhiteElo "2647"]
[BlackElo "2779"]
[Annotator "Ðîìàí Âèëÿâèí "]
[PlyCount "62"]
[EventDate "2007.01.??"]
[EventType "tourn"]
[EventCountry "NED"]
[EventCategory "19"]
[Source "CrestBook.com"]

{Øë,ï-øë,ï, øë,ïàåò Ìàëûø.  Ìèìî ñ÷àñòüÿ, ìèìî ïîáåäû...    Ïîñëå îñòîðîæíîãî
ïåðâîãî òóðà - öåëûõ øåñòü(!) ðåçóëüòàòèâíûõ ïàðòèé âî âòîðîì. Íåâèäàííîå
ÿâëåíèå äëÿ ñóïåðòóðíèðîâ ïîñëåäíèõ ëåò. Ëèøü îäíà íè÷üÿ (Ðàäæàáîâ-Êàðÿêèí),
íî è â ýòîì ïîåäèíêå, êàê Âû óáåäèòåñü, êðîâü ëèëàñü ðåêîé. Âûèãðàëè âñå
ôàâîðèòû, à îòíîñèòåëüíîé íåîæèäàííîñòüþ ñòàëà ëèøü ïîáåäà Íàâàðû íàä
Êàðëñåíîì.    È âíîâü ìíîæåñòâî êðàñèâûõ çàìûñëîâ, îñòðîóìíûõ çàùèò è ...
óïóùåíèé - êóäà æ áåç ýòîãî! Ïðèñòóïèì, íà÷àâ ïî òðàäèöèè ñ ãëàâíîãî áëþäà -
ñàìîé áîåâîé ïàðòèè òóðà:} 1. e4 c5 2. Nf3 d6 3. d4 cxd4 4. Nxd4 Nf6 5. Nc3 a6
6. Bg5 e6 7. f4 Qb6 8. Qd2 Qxb2 9. Rb1 Qa3 10. e5 {# Àëåêñàíäð èçáèðàåò íå
ñàìîå àêòóàëüíîå ðàçâåòâëåíèå - áîëåå ïîïóëÿðíî 10. f5. Âïåðâûå ýòîò ïåøå÷íûé
òû÷îê ââåë â ïðàêòèêó Ïàóëü Êåðåñ áîëåå ïîëóâåêà íàçàä â ïàðòèè ñ Ôóäåðåðîì
èç ìåæçîíàëüíîãî òóðíèðà â Ãåòåáîðãå. Ñ òåõ ïîð âàðèàíò íàáðàë ïîïóëÿðíîñòü,
îäíàêî â íà÷àëå 70-õ áåëûå ïåðåêëþ÷èëèñü íà èíûå ïðîäîëæåíèÿ. Íà âûñøåì
óðîâíå 10. å5 â ïîñëåäíåå âðåìÿ âñòðå÷àåòñÿ èçðåäêà: èç ñâåæèõ ïðèìåðîâ ýòî
ïàðòèè Øàáàëîâ - Àðåùåíêî â êëàññèêå è Ðàäæàáîâ - Êàðÿêèí â áûñòðûå øàõìàòû.}
h6 $5 {Î÷åíü ðåäêîå ïðîäîëæåíèå, âñòðå÷àâøååñÿ ìåíåå äåñÿòêà ðàç. Ïðè÷åì ó
÷åðíûõ îòëè÷íàÿ ñòàòèñòèêà!} ({Ïàðòèÿ-ïåðâîèñòî÷íèê ïðîäîëæàëàñü íåäîëãî} 
10... Nfd7 11. f5 $3 Nxe5 12. fxe6 fxe6 13. Be2 Nbc6 14. Nxc6 bxc6 15. Ne4 d5
16. O-O Qa4 $4 17. Bh5+ Kd7 18. Rxf8 $1 {
1-0 Keres,P-Fuderer,A/Gothenburg 1955/IZT}) ({Ìàãèñòðàëüíîå ïðîäîëæåíèå} 10...
dxe5) 11. Bh4 {×òî âàæíåå: òåìï èëè íàëè÷èå íà äîñêå ÷åðíîïîëüíîãî ñëîíà?} (
{Ïîñìîòðèì ÷òî ìîãëî ïðîèçîéòè â ñëó÷àå âçÿòèÿ} 11. Bxf6 gxf6 12. exd6 Qxd6
13. Ne4 Qd8 ({íå îïðîâåðãàåòñÿ ñðàçó è} 13... Qe7 14. Qc3 Nd7) 14. Qc3 {
Áåëûå áåçóñëîâíî èìåþò ïðèëè÷íóþ êîìïåíñàöèþ çà ïåøêó. Del Rio Angelis,S
(2492)-Vallejo Pons,F (2674)/Leon ESP 2006/1/2-1/2 (64).}) 11... dxe5 12. fxe5
Nfd7 ({Î÷åíü îïàñíî} 12... Nd5 $6 13. Nxd5 exd5 {ââèäó} 14. e6 $1) 13. Ne4 $1
$146 {Î÷åíü àìáèöèîçíàÿ íîâèíêà! Áåëûå ïðîäîëæàþò òðàíæèðèòü ñâîè ïåøêè,
íàäåÿñü ÷òî âåêñåëÿ ÷åðíûé êîðîëü îïëàòèò. È âû çíàåòå, ìíå êàæåòñÿ ÷òî ýòà
èäåÿ âñêîðå çàêðîåò âàðèàíò ñ 10...h6, íåñìîòðÿ íà ðåçóëüòàò ïàðòèè!} ({
À âîò êàê ïðîòåêàëè ïàðòèè-ïðåäøåñòâåííèöû:} 13. Rb3 $2 Qa5 14. Be2 Nxe5 $17
15. O-O Nbd7 16. Kh1 Ng6 17. Qe3 Nxh4 18. Nxe6 $2 fxe6 19. Qxe6+ Kd8 {
è âñêîðå ÷åðíûå ðåàëèçîâàëè ëèøíþþ ôèãóðó: Hlusevich,S (2375)-Doroshkievich,
V (2390)/Soviet Union 1986/EXT 2004 (23).}) ({Íå óäàëîñü óðàâíÿòü áåëûì è ïîñëå
} 13. Be2 Be7 14. Bg3 Bg5 15. Qd3 Nc5 16. Qf3 O-O 17. O-O {, õîòÿ ïîë-î÷êà
óäàëîñü îòñòîÿòü: Pichler,J (2325)-Yuferov,S (2435)/Moscow 1990/EXT 2000/1/2-1/
2 (74)}) 13... Qxa2 14. Rd1 Qd5 15. Qe3 Qxe5 {Ïîêà ïàðòèÿ ðàçâèâàåòñÿ â ñòèëå
ñòàðûõ ìàñòåðîâ - ÷åðíûå óæå îñíîâàòåëüíî ïîäçàïàñàëèñü ìàòåðèàëîì, áåëûå
ðàçâèëè â äâà ðàçà áîëüøå ôèãóð è ïðàêòè÷åñêè ãîòîâû ðèíóòüñÿ íà øòóðì
êîðîëåâñêèõ óêðåïëåíèé.} 16. Be2 {
Ïåðåâåñ â ðàçâèòèè ïðîñòî ïîäàâëÿþùèé - ðàçâèòî âòðîå(!) áîëüøå ôèãóð.} Bc5 {
Íàâåðñòûâàÿ óïóùåííîå.} 17. Bg3 Bxd4 $1 {
Áåç ýòîãî ïðîìåæóòêà óæå ìîæíî áûëî áû ñëèâàòü âîäó.} 18. Rxd4 Qa5+ {Èãðàòü ÷å
ðíûìè ëåãêî - õîäó åäèíñòâåííûå, âûáîðà íåò. Áåëûì æå íåîáõîäèìà
èçîáðåòàòåëüíîñòü è ôàíòàçèÿ.} 19. Rd2 ({Âîçìîæíî, â ñëó÷àå îáðåòåíèÿ
ïîïóëÿðíîñòè õîäîì 10...h6, âçîðû ïðåäâîäèòåëåé áåëûõ ôèãóð îáðàòÿòñÿ è â
ñòîðîíó òâîð÷åñêîãî} 19. Kf2 $5 {. Äàëåå èãðà ìîæåò ðàçâèâàòüñÿ òàê:} O-O 20.
Rhd1 Nc6 (20... Ne5 $4 21. Nf6+ $1 gxf6 22. Bxe5 Qxe5 23. Rg4+) 21. Rxd7 {
è íà ïðîìåæóòî÷íîå} f5 $5 {âîçìîæíî êîíòðïðîìåæóòî÷íîå} 22. Ng5 $5 {
ñ îêîí÷àòåëüíûì ïîäæîãîì è äî òîãî íàêàëåííîé äî ïðåäåëà äîñêè.}) 19... O-O
20. Bd6 {Åäèíñòâåííîå, ÷òî ïîðòèò áåëûì íàñòðîåíèå - íåâîçìîæíîñòü ðîêèðîâêè
ââèäó âûøåóïîìÿíóòîãî ðàçìåíà.} ({Áåñïå÷íîå} 20. O-O $2 Qb6 $1 {
ïðèâîäèëî ê ðàçìåíó ôåðçåé}) 20... Rd8 21. Qg3 {Ìíîãîïëàíîâûé õîä: áåëûå
ïðèöåëèâàþòñÿ ê ïóíêòó g7, óâîäÿò ôåðçÿ èç-ïîä ðàçìåíà è ïîïóòíî ïðèêîâûâàþò
ê ìåñòó êîíÿ d7. À ïðè ñëó÷àå ìîæíî è ëàäüþ d8 âûèãðàòü ;)} Qf5 $1 {
Àíàíä çàùèùàåòñÿ î÷åíü öåïêî, âñå âðåìÿ ïîäíèìàÿ ëó÷øèå õîäû!} ({
Íå óäàåòñÿ îêîí÷àòåëüíî çàãàñèòü èíèöèàòèâó áåëûõ æåðòâîé êà÷åñòâà} 21... Nc6
22. Bc7 Qb4 23. Nd6 Nf6 24. Bxd8 Nxd8 25. Rf1 {è ò.ä.}) 22. Be5 {
Ðîññèÿíèí íàñòðîåí îïòèìèñòè÷íî!} ({Âîçìîæíî èìåëî ñìûñë, ïóñòü è íå â òàêîé
õîðîøåé ðåäàêöèè, êàê áûëî ðàññìîòðåíî, âûøå, íî âñå æå îòîáðàòü íåìíîæêî
ìàòåðèàëà?} 22. Be7 $5 Qxe4 23. Bf6 $5 g6 24. Bxd8 Nc6 25. Bc7 {
Ìíå êàæåòñÿ ÷òî áåëûå ñòîÿò ìèíèìóì íå õóæå.}) 22... Qg6 {#} 23. Qh4 {
Ìîòûëåâ âñå âðåìÿ íàùóïûâàåò íîâûå ïóíêòû äëÿ àòàêè. Âîò è ñåé÷àñ ãðîçèò Qd8
èëè Bh5} ({Ðàññìîòðèì ïîñëåäñòâèÿ ôååðè÷åñêîãî} 23. Bxb8 $5 Rxb8 24. Qxb8 $1 {
, îäíàêî ÷åòêîå} Qxe4 $1 {ðàññòàâëÿåò âñå íà ñâîè ìåñòà} ({îïàñíî} 24... Nxb8
$6 25. Rxd8+ Kh7 26. O-O Bd7 27. Rxb8 Bc6 28. Ng3 Qxc2 29. Rxf7) 25. Qc7 Rf8
26. Rxd7 Qxg2 27. Rf1 Bxd7 28. Qxd7 Qxh2 {âûèãðàòü ìîãóò òîëüêî ÷åðíûå.})
23... Nc6 {Ëó÷øèå õîäû â òàêèõ ïîçèöèÿõ - îòáèâàþùèå óãðîçû è ïîïóòíî
âûâîäÿùèå ñâîé "êîëõîç".} 24. O-O $6 {Ïîâçâîëÿåò ÷åðíûì ðàçîãíóòüñÿ.} ({
Áîëåå ïåðñïåêòèâíî âûãëÿäåëî} 24. Bc3 Nf8 (24... Qxg2 $2 25. Rf1 f5 26. Bf3 Qg6
27. Rg2) 25. Bh5 (25. Rxd8 Nxd8 26. O-O e5) 25... Rxd2 26. Bxg6 Nxg6 27. Nf6+
Kh8 28. Qe4 {è áåëûå ñîõðàíÿþò àòàêó.}) 24... f5 25. Bh5 Qh7 {#} 26. Bb2 $1 {
Óäèâèòåëüíûé ïî êðàñîòå çàìûñåë!} ({Ìîæíî áûëî "çåâíóòü" êîíÿ èíà÷å -} 26. Qg3
$1 fxe4 27. Bg6 {è ÷åðíûì ïðèõîäèòñÿ ðàññòàòüñÿ ñ ôåðçåì. Âïðî÷åì ìàòåðèàëà
çà íåãî - õîòü îòáàâëÿé.} Ncxe5 28. Bxh7+ Kxh7 29. Qe3 {. Ìíå ëè÷íî áîëüøå
íðàâèòñÿ ïîçèöèÿ ÷åðíûõ, âïðî÷åì âîçìîæíîñòåé äëÿ ñîïðîòèâëåíèÿ ó áåëûõ åùå
äîñòàòî÷íî.}) 26... fxe4 27. Rf7 $5 {Àëåêñàíäð íå óäîâëåòâîðÿåòñÿ ðàâåíñòâîì!}
({Ïðè÷àë â ãàâàíè "Íè÷üÿ" ïîòðÿñàþùå êðàñèâ. Îñîáåííî íà çàêàòå...} 27. Bf7+
$1 Kh8 28. Rxd7 $3 Bxd7 ({ê ïðèìåðíîìó ðàâåíñòâó âåäåò è} 28... Rxd7 29. Be8 $1
Kg8 $1 30. Qh5 $1 e5 31. Bg6) 29. Bxg7+ $3 Qxg7 30. Rf6 $1 Kh7 31. Qxe4+ Kh8
32. Qh4 $11) 27... Rf8 (27... e5 28. Bxe5 Nf6 29. Rxf6 $1 gxf6 (29... Rxd2 30.
Bf7+ Kf8 31. Bg6+ Kg8 32. Rf8+ Kxf8 33. Qf4+ Ke7 34. Qf7+ Kd8 35. Qe8#) 30.
Rxd8+ Nxd8 31. Qxf6 {(ãðîçèò Bg6)} Bf5 32. g4 $3 $18) 28. Qf2 $2 {
"Àõ!!!!", - âçäîõíóë ñòàäèîí áîëåëüùèêîâ...} ({Ïîðà óæå áûëî ñîáèðàòü óðîæàé:} 
28. Rxg7+ Qxg7 29. Bxg7 Kxg7 30. Qg4+ Kh8 31. Qg6 {. Ìèíèìóì âå÷íûé øàõ ó
áåëûõ âåçäå åñòü, à ìîæåò ãäå-òî åñòü è áîëüøåå? Ïîõîæå íåò - ïîñëå òî÷íîãî}
Rf6 $1 32. Qe8+ Rf8 {ïîðà ðàñõîäèòüñÿ ïî äîìàì.}) 28... Rxf7 29. Qxf7+ Kh8 30.
Rf2 e5 31. Qd5 Nf6 {È óæå â áåçíàä,æíîì ïîëîæåíèè áåëûå ïðîñðî÷èëè âðåìÿ...}
0-1

[Event "Corus Wijk aan Zee"]
[Site " Wijk aan Zee"]
[Date "2007.01.14"]
[Round "2"]
[White "GM Aronian, Levon (ARM) "]
[Black "GM Ponomariov, Ruslan (UKR)"]
[Result "1-0"]
[WhiteElo "2744"]
[BlackElo "2723"]
[Annotator "Âàñèëèé Ëåáåäåâ"]
[PlyCount "77"]
[EventDate "2007.01.??"]
[EventType "tourn"]
[EventCountry "NED"]
[EventCategory "19"]
[Source "CrestBook.com"]

{Ïîêàìåñò ñàìàÿ «îäíîâîðîòíûé» ïîåäèíîê òóðíèðà. ×¸ðíûå, íà
«ïåðâîðàçðÿäíûé» âçãëÿä, óñòóïèëè ïðàêòè÷åñêè áåç áîðüáû.} 1. d4 Nf6 2. c4
e6 3. Nc3 Bb4 4. Nf3 d6 5. Qc2 Nbd7 6. g3 c5 7. Bg2 O-O 8. O-O a6 9. Rd1 cxd4 {
Ãì-ì. Âèäèìî, íîâèíêà, è íå ñàìàÿ óäà÷íàÿ...} ({
Â ïàðòèè-ïðåäøåñòâåííèöå ÷¸ðíûå âûðóëèëè íà Åæà:} 9... Qc7 10. a3 Bxc3 11.
Qxc3 Re8 12. b3 b6 13. Bb2 Bb7 14. Rac1 Rac8 15. b4 cxb4 16. axb4 Qb8 17. Qa3
Rc7 18. Bh3 h6 {È ïîñëå çàêóïîðêè ïîçèöèè, ïðîèçîøåäøåé ïîñëå} 19. Qa1 $6 Bxf3
20. exf3 Qb7 21. f4 d5 22. c5 b5 23. Rc3 {÷¸ðíûå êîíè îêàçàëèñü ñèëüíåå...}
Nh7 24. Re1 Ra8 25. f5 Ng5 26. Bg2 Nf6 27. fxe6 Nxe6 28. Rce3 Qc6 29. f3 Rf8
30. Bc3 Qa8 31. Qb1 Nd8 32. g4 Nc6 33. Qf5 a5 34. bxa5 b4 35. Ba1 Nxa5 36. f4
Nc4 37. R3e2 Ra7 38. g5 hxg5 39. fxg5 Ne4 40. Rxe4 g6 41. Qf6 dxe4 42. d5 Rxa1
43. Qxa1 Qxd5 44. Rxe4 b3 45. Qd4 Qxd4+ 46. Rxd4 b2 47. Rd1 Rc8 48. Be4 Rxc5
49. Kf2 Na3 50. h4 Rc4 {
0-1 Hillarp Persson,T (2460)-Agrest,E (2584)/Skara 2002/CBM 091/[Golod,V]}) 10.
Nxd4 Qc7 11. b3 d5 12. Na4 dxc4 13. Qxc4 $1 Qxc4 {Áåç ôåðçåé ÷¸ðíûì êîíòðèãðó
ñîçäàòü íå óäàëîñü.. À ïðåäëîæèòü ÷òî-ëèáî âçàìåí òðóäíî.} 14. bxc4 Re8 15.
Rb1 {È ÷òî òåïåðü äåëàòü ÷¸ðíûì ñî ñâîèì ôåðçåâûì ôëàíãîì?} Bf8 16. Bd2 ({
Õàïàòü ïåøêè ðàíî:} 16. Bxb7 $2 Rb8 {õîòÿ, õîòÿ:} 17. Bxc8 Rxb1 (17... Rbxc8
18. Be3 $1) 18. Bxd7 Nxd7 19. Nb3 Ne5 20. Nc3 Rxc1 21. Rxc1 Nxc4 {è ò.ä. È ÿñíî
÷òî òàêèìè ñïîñîá áåëûå óïóñêàþò ëüâèíóþ äîëþ ñâîåãî ïðåèìóùåñòâà.}) 16...
e5 17. Nb3 e4 {Èíà÷å ôåðçåâîìó ôëàíãó ÷¸ðíûõ íå æèòü. Íî îòîðâàâøàÿñÿ îò
ñâîèõ ïåøêà òåïåðü áóäåò ïîñòîÿííîé ãîëîâíîé áîëüþ Ðóñëàíà.} 18. c5 ({
Âèäèìî, íåïëîõî áûëî áû} 18. Na5 $5 {
, íî, ïîõîæå, ÷òî ñïåøèòü áåëûì è íåêóäà è íåçà÷åì.}) 18... Nd5 19. Be1 N7f6
20. Na5 {...è ïå÷àòü ïîñòàâèë: «ìî,»!} Ra7 ({Ïîïðîáóåì ïðîÿâèòüñÿ àòêèíîñòü:
} 20... Bd7 $5 21. Rd4 ({ñëàáåå} 21. Nc3 Nxc3 22. Bxc3 Bb5 23. Nxb7 Bxe2 24.
Rd2 Bd3) 21... Bb5 22. Nxb7 Bxe2 23. Nb6 Nxb6 24. Rxb6 {Äà óæ...}) 21. e3 {
Ôèêñèðóåì ñëàáîñòü íà å4...} Bd7 22. Nc3 {
Íà÷èíàåì ïîäáèðàòüñÿ ê ñëàáîñòè íà å4...} Bc6 23. Nxc6 {
Óíè÷òîæàåì ïîòåíöèàëüíîãî çàùèòíèêà ñëàáîñòè íà å4. È çàáûâàåì î íåé...} bxc6
24. Nxd5 Nxd5 ({Îòêðûâàòü çåë,íóþ äîðîãó ïåøêå «ñ» íå íàäî:} 24... cxd5 $2
25. c6 {. Òîãäà óæ ëó÷øå ñäàòüñÿ ñðàçó.}) 25. Ba5 g6 26. Bf1 Raa8 ({Åñëè} 
26... Bxc5 {, òî} 27. Rdc1 Bd6 28. Rxc6 {
- åù¸ íå ðàçãðîì, íî óæå áëèçêî ê òîìó...}) 27. Rbc1 {Ïåøå÷êó çåâàòü íå áóäåì.
} Bh6 28. Rc2 {
Íó, ÷òîáû äàæå íèêàêèõ «ëåâûõ» øàíñîâ ñ óäàðîì íà å3 ó ñîïåðíèêà íå áûëî.} (
{Íàïðèìåð,} 28. Bc4 Nxe3 29. fxe3 Bxe3+ 30. Kg2 Bxc1 31. Rxc1 Re5 {è ò.ä.}) {
Âðåìåíè òóò ó ïðîòèâíèêîâ îñòàâàëîñü î÷åíü ìàëî.} 28... Rab8 29. Bc4 {
Êîíü ñáèâàåòñÿ ñ îïîðíîãî ïóíêòà, è âñÿ ïîçèöèÿ ÷¸ðíûõ ðóøèòñÿ...} Nb4 30.
Bxb4 Rxb4 {«Ðàçíîöâåò» ìó÷åíèÿ ÷¸ðíûõ òîëüêî óñóãóáëÿåò.} 31. Rd7 Rf8 {
À çäåñü óæå âîîáùå áëèö ïîø,ë. Ïî êðàéíåé ìåðå, ó Ïîíîìàð,âà âðåìåíè âîîáùå íå
îñòàëîñü.} 32. Bxa6 {Ðàç, ïåøêà!} Rfb8 33. Bc4 R4b7 34. Bxf7+ {Äâà, ïåøêà!} Kf8
35. Be6 Bg5 36. Rd4 Re7 37. Bb3 {
Êðåïåíüêî òàê ñûãðàíî. ×òîáû «êîìàíäà íå âîëíîâàëàñü».} Bf6 38. Rd6 Kg7 39.
Rxc6 {ðè, ïåøêà!  Âðåìåíè íåò, ìàòåðèàëó òîæå, ïîýòîìó  ÷¸ðíûå ñäàëèñü. 
Î÷åíü «ïðîñòàÿ» ïàðòèÿ. Íî ïóñòü êòî-íèáóäü åù¸ ïîïûòàåòñÿ ó Ðóñëàíà
Ïîíîìàð,âà òàê ïðîñòî âûèãðàòü!} 1-0

[Event "Corus Wijk aan Zee"]
[Site " Wijk aan Zee"]
[Date "2007.01.14"]
[Round "2"]
[White "GM Carlsen, Magnus (NOR)"]
[Black "GM Navarra, David (CZE)"]
[Result "0-1"]
[WhiteElo "2690"]
[BlackElo "2719"]
[Annotator "Ëåáåäåâ Âàñèëèé"]
[PlyCount "100"]
[EventDate "2007.01.??"]
[EventType "tourn"]
[EventCountry "NED"]
[EventCategory "19"]
[Source "CrestBook.com"]

1. d4 Nf6 2. c4 g6 3. Nc3 d5 {Èòàê, Ãðþíôåëüä!} 4. cxd5 Nxd5 5. e4 Nxc3 6.
bxc3 Bg7 7. Bc4 c5 8. Ne2 Nc6 9. Be3 O-O 10. O-O Bd7 11. Rb1 Qc7 {Ïî ïðåäûäóùèì
11-ì õîäàì íàäî èëè ïèñàòü ìîíîãðàôèþ, èëè íè÷åãî íå ãîâîðèòü. Íî êíèãó,
ñîãëàñèòåñü, äîëæåí ïèñàòü Ï,òð Ñâèäëåð... È òàê êàê ÿ íå Ïåòÿ, à Âàñÿ, òî
ïðîìîë÷ó. :)} 12. Bf4 ({Â ïàðòèè 1-ãî òóðà  Øèðîâ - Ñâèäëåð ïîñëå} 12. Bd3
Rad8 13. Bf4 Qc8 {áåëûå äîáèëèñü íåìíîãî}) 12... Qc8 {
È ëàäüÿ ñ à8  íå óñïåëà âûñêî÷èòü â öåíòð} 13. d5 Na5 14. Bd3 e5 15. Bg3 f5 $5
$146 {#} ({
Â ïàðòèè Sakaev,K (2669)-Avrukh,B (2614)/Izmir 2004/CBM 104 ïîñëå õîäîâ} 15...
c4 16. Bc2 b6 17. Qd2 Nb7 18. f4 f6 19. Kh1 Nd6 20. Ng1 Qd8 (20... Bh6 $5) 21.
fxe5 fxe5 22. Nf3 Rc8 23. Rf2 (23. Nxe5 $5) 23... h6 24. Rbf1 (24. Nxe5 $5)
24... Qe7 25. h3 {
áûëà çàôèêñèðîâàíà íè÷üÿ. Íàâàðà èãðàåò çíà÷èòåëüíî «âåñåëåå»}) 16. f4 {
Ïîä ñòàòü åìó îòâå÷àåò è Êàðëñåí! Ðåáÿòà çàæèãàþò ñëîâíî îíè è íåãðàíä-ìàñòåð
à. Òî åñòü òå, «êîìó çà èëè îêîëî 2700»! È çðèòåëè íå ñêó÷àþò!} fxe4 ({
Ñëîæíåéøàÿ èãðà, íî, ïîõîæå, ÷òî, âñ¸ æå, ñ íåêîòîðûì ïåðåâåñîì ó áåëûõ
ïîëó÷àëîñüïîñëå} 16... c4 $5 17. Bc2 Qc5+ (17... exf4 18. Bxf4 fxe4 19. Qd2 $1
) 18. Kh1 (18. Bf2 Qd6) 18... exf4 19. Bxf4 Rae8 20. Ng3 $1 Bxc3 21. exf5 {
- Go! Go! Âïåð,ä! Âïåð,ä! Õîòÿ òóò áåç àäâàíñ-áðèãàäû èëè Âàíè ×åïàðèíîâà íå
ðàçîáðàòüñÿ!}) 17. Bxe4 Nc4 {Íàâàðà èãðàåò «ïðîñòî». Êîíü - õîðîøèé áëîêåð?
Âîò è âåä,ò îí åãî íà øèêàðíîå áëîêàäíîå ïîëå. Ïðàâäà, çàäåðæèòñÿ îí òàì
íåíàäîëãî! Â îòâåò áåëûå ãîòîâÿò æåðòâó êà÷åñòâà... Âèäèìî, åñëè è íå
ïåðñïåêòèâíóþ, òî âïîëíå èãðîâóþ.} 18. Qd3 Nd6 (18... exf4 $5 19. Nxf4 Ne5
20. Qe2) 19. fxe5 {Çà òàêîé öåíòð ìîæíî è ïîñòðàäàòü. Ìàòåðèàëüíî.} Nxe4 20.
Qxe4 Bf5 21. Qc4 ({Ïî äðóãîìó îòäàòü êà÷åñòâî íåëüçÿ:} 21. Rxf5 {
Ïðàâäà, òåïåðü ïëîõî êàê} Rxf5 ({òàê è} 21... gxf5 22. Qc4) 22. e6 {
- ïîïðîáóé îñòàíîâè}) ({Íî çàòî (ïîñëå} 21. Rxf5 {) õîðîøî} Qxf5 $1 {- íà ìåñòî
ñëîíà ïðèõîäèò òàêàÿ æå ñòðàäàþùàÿ «êîñîãëàçèåì» ôèãóðà: è ëàäüÿ b1 ïîä
áîåì!} 22. Qxf5 Rxf5 {
. È íà ïîâåðêó êðàñèâûé ïåøå÷íûé öåíòð îêàçûâàåòñÿ îäíîé áîëüøîé ñëàáîñòüþ.})
21... Bxb1 22. d6+ $1 (22. Rxb1 $2 Qf5) 22... Kh8 23. Rxb1 Qf5 24. Re1 $1 {
Èíîãî íåò! 2} Bxe5 {#} 25. Nd4 $1 {Ñèìïàòè÷íî, õîòÿ è åäèíñòâåííî!} Bxd4+ 26.
cxd4 Rae8 $6 {Íåòî÷íîñòü? Âèäèìî òàê} ({
Êàæåòñÿ áåç ôåðçåé ÷¸ðíûì áûëî áû áîëåå êîìôîðòíî:} 26... Qf7 $1 27. Qxf7 (27.
Qxc5 Kg8) 27... Rxf7 28. dxc5 Rc8 29. Bf2 Kg8 {
- ïîäâîäèì êîðîëÿ è íà÷èíàåò ýòè çàðâàâøèåñÿ ïåøêè ïîäðûâàòü...}) 27. Rxe8
Rxe8 28. h3 $5 ({Íè÷üÿ ñ ïîçèöèè ñèëû áåëûõ ïîëó÷àåòñÿ ïîñëå} 28. Be5+ $5
Rxe5 29. dxe5 Qxe5 30. d7 $1 {
, è òåïåðü òîëüêî íåóòîìèìîñòü ÷¸ðíîãî ôåðçÿ ìîæåò îñòàíîâèòü ýòó ïðîõîäíóþ:}
Qa1+ 31. Kf2 Qf6+ 32. Kg3 {È ñåé÷àñ ïðîèãðûâàåò} Qd6+ $2 ({
íàäî, êîíå÷íî, èãðàòü} 32... Qg5+ $1 33. Qg4 Qe3+ {è ò.ä.}) 33. Qf4 Qd3+ 34.
Kf2 (34. Kh4 $2 g5+ $1 35. Kxg5 h6+ $1) 34... Qc2+ 35. Ke3 $1 {
, è ÷¸ðíûå ïðîèãðûâàþò, õîòÿ è «íàøàõåðÿòñÿ» íà äâå ïàðòèè âïåð,ä:} Qc3+
36. Ke2 Qc2+ 37. Qd2 Qe4+ 38. Kf1 Qf5+ 39. Kg1 Qb1+ 40. Kf2 Qf5+ 41. Kg3 {
È ïî ñðàâíåíèþ ñ ïîçèöèåé ïåðåä 32-ì õîäîì áåëûõ øàõ ÷¸ðíûé ôåðçü ìîæåò
îáúÿâèòü ñ ïîëÿ å5 à íå d6. Ýòîò íþàíñ è ðåøàåò:} Qe5+ 42. Qf4 Qe1+ 43. Kh3
Qe6+ 44. g4 $18 {.}) 28... Kg7 {È äàëüíåéøèé ýíäøïèëü îáà ïàðòí,ðà èãðàëè
(ÈÌÕÎ) íå ñàìûì ëó÷øèì ñïîñîáîì. Íî çàòî - âåñüìà áîåâèòî. ×òî äà, òî äà!}
29. Qb5 Rd8 (29... Qf7 $5) 30. dxc5 $6 ({
Ïîõîæå, ÷òî óâåðåííàÿ íè÷üÿ ïîëó÷àåòñÿ ïîñëå} 30. Qxb7+ Rd7 31. Be5+ Kh6 32.
Qc6 cxd4 33. Bxd4 {, íî áåëûõ õîòÿò áîëüøåãî...}) 30... Rd7 (30... Qd5 $5) 31.
a4 (31. Be5+ $1 Kf8 32. c6 bxc6 33. Qxc6 Rd8 34. Qd5) 31... g5 $4 {
Óæàñíàÿ îøèáêà! Êàðñëåí «ïðîøë,ïàë» ìèìî ñâîåãî ñ÷àñòüÿ.} (31... Rf7) 32. a5
$4 {Ìãíîâåííûé «ðåâàíø»! Ëÿïñóñû õîäÿò èñêëþ÷èòåëüíî ïàðàìè...} ({Ïîáåæäàëî
} 32. c6 $1 $18 {(Øèïîâ)} Qxb5 33. axb5 {
. È òóò äàæå «è ò.ä.» ãðåõ ïèñàòü. Íàäî ïðîñòî ñòàâèòü «1-0».}) 32... a6
33. Qc4 ({Îïÿòü, íàâåðíîå, ëó÷øå áûëî ñûãðàòü} 33. Be5+ $5 Kf8 34. Qa4 $1 Rf7
35. Qd4 {, è «÷åòâåðíîé»  áåëûé áëîê ïî öåíòðó îáîéòè òðóäíî}) 33... h5 34.
Be1 ({Ïîõîæå, ñëåäîâàëî íåìåäëåííî ïðûãíóòü ôåðç,ì íà áîëüøóþ ÷¸ðíóþ
äèàãîíàëü, à íå âåñòè òóäà ñëîíà:} 34. Qd4+ Kg6 35. Be5 {
, è - ñì. êîììåíòàðèé â êîíöå âàðèàíòà ê 33-åìó õîäó áåëûõ.}) 34... Rf7 35. c6
bxc6 36. Bc3+ Kh7 37. Qxc6 {âñ¸! Ïðèïëûëè!  Áåëûì - êàþê! Âåäü ïîñëå} Qf2+ {
ñ øàõàìè áóäåò ïðîéäåí êîíòðîëü, à ïîòîì Äàâèä óæî ðàçáåð,òñÿ...} 38. Kh1 Qf1+
39. Kh2 Qf4+ 40. Kh1 Qf1+ 41. Kh2 Qf4+ 42. Kh1 g4 $1 $19 {È ðàçîáðàëñÿ!} 43.
hxg4 (43. d7 Qf1+ 44. Kh2 g3+ 45. Kxg3 Qf4#) 43... hxg4 {
Òåïåðü êîðîëü áåëûõ áóäåò «ïîëó÷àòü ïëþõè» íå òîëüêî ñáîêó íî è â ëîá!} 44.
Qc8 g3 $1 ({Ñëàáåå «øàõîâàòåëüíî»-íàïðàøèâàþùååñÿ} 44... Qh6+ $6 45. Kg1
Qe3+ 46. Kh2 g3+ 47. Kh3 Qh6+ 48. Kxg3 Qxd6+ {(ÿâíî íåðàâíîöåííûé îáìåí!)} 49.
Kh3 Qh6+ 50. Kg3 Qf4+ 51. Kh3 Qf5+ 52. Qxf5+ Rxf5 {Âïîëíå ìîæåò îêàçàòüñÿ,
÷òî ýòî êðåïîñòü! «Î÷åâèäíàÿ íè÷üÿ. Áåç ïåøêè g2 ñî ñëîíîì íà b6 -
èçâåñòíàÿ òåîðåòè÷åñêàÿ ñòîéêà. Âðÿä ëè ÷åðíûå ìîãóò èçâëå÷ü ÷òî-òî
áîëüøåå» (Ñ. Øèïîâ).}) {
À ñåé÷àñ â ðàñïîðÿæåíèè áåëûõ åñòü ëèøü íåñêîëüêî ñîâñåì íåñòðàøíûõ øàõîâ:}
45. Qh8+ Kg6 46. Qg8+ Kh5 47. Qh8+ Qh6 48. Qxh6+ Kxh6 49. Kg1 Kg5 50. Bd4 Rf5 {
Çäåñü, êîíå÷íî æå, ó áåëûõ íåò íèêàêèõ øàíñîâ...} 0-1